000 01103 a2200193 4500
001 142957
040 _cLeonardo Da Vinci
041 _aPortuguês
082 _a190 P467r
_bP467r
100 _aRYLE, Gilbert
_aAUSTIN, John Langshaw
_aQUINE, Willard van Orman
_aSTRAWSON, Peter Frederick
245 _aEnsaios
250 _a4.ed
260 _bNova Cultural
_c1989
_aSão Paulo
300 _a235
362 _a19890000
490 _aOs Pensadores
697 _aFilosofia
_aMetafísica
_aOntologia
_aExpressões sistematicamente enganadoras
_aCategorias
_aLinguagem ordinária
_aTeoria da significação
_aSe, portanto e porque
_aOutras mentes
_aRelatividade ontológica e outros ensaios
_aFalando de objetos
_aRelatividade ontológica
_aEpistemologia naturalizada
_aExistência e quantificação
_aEspécies naturais
_aObjetos proposicionais
_aDe um ponto de vista lógico
_aSobre o que há
_aDois dogmas do empirismo
_aIdentidade, ostensão, hipóstase
_aEscritos lógico-lingüísticos
_aSobre referir
_aO particular e o geral
_aReferência identificadora
_aGramática e filosofia
_aSignificação e verdade
942 _cBK
999 _c142957
_d142957